00000000nam##2200000za#4500
0019.699409
003CaOODSP
00520250506145324
007cr |||||||||||
008150407|1986||||xxc|||||o    f|0| 0 eng|d
040 |aCaOODSP|beng
043 |an-cn---
0861 |aA15-5212/1986E-PDF
1101 |aCanada.|bAgriculture Canada.
24510|aIn search of plenty : |h[electronic resource]|bthe first century of the Agriculture Canada research arm
260 |aOttawa - Ontario : |bAgriculture Canada |c1986, reprinted 1986.
300 |a12p.|billus., map, photographs
500 |aHistorical publication digitized by Agriculture and Agri-Food Canada.
590 |a14-11-Supp|b2014-05-21
69007|aAgriculture|2gcpds
69007|aAnimal research|2gcpds
69007|aApplied research|2gcpds
69007|aScientific research|2gcpds
77508|tÀ la recherche d'abondance : |w(CaOODSP)9.643396
85640|ahttp://publications.gc.ca|qPDF|s1.3 MB|uhttps://publications.gc.ca/collections/collection_2014/aac-aafc/agrhist/A15-5212-1986-eng.pdf
986 |a5212/B